000 00303nam a2200133Ia 4500
005 20251222155041.0
008 251222s9999||||xx |||||||||||||| ||spa||
082 _aPED. 17.1
100 _aUniv.Cayetano H.
245 0 _aAspectos Metodologicos
250 _a1ra. ed.
264 _bLatina
942 _cLIB
999 _c36931
_d36931